| 000 | 00000nam 2200000zi 4500 |
| 001 | 9.867037 |
| 003 | CaOODSP |
| 005 | 20221107162216 |
| 006 | m o d f |
| 007 | cr ||||||||||| |
| 008 | 190114s2019 bcc #o f000 0 eng d |
| 020 | |a9780660292748|q(volume 1A) |
| 020 | |a9780660304885|q(volume 1B) |
| 040 | |aCaOODSP|beng|erda|cCaOODSP |
| 043 | |an-cn--- |
| 086 | 1 |aCP32-163/2-1-2019E-PDF |
| 086 | 1 |aCP32-163/2-2-2019E-PDF |
| 110 | 2 |aNational Inquiry into Missing and Murdered Indigenous Women and Girls (Canada) |
| 245 | 10|aReclaiming power and place : |bfinal report of the National Inquiry into Missing and Murdered Indigenous Women and Girls. |
| 264 | 1|a[Vancouver] : |bPrivy Council Office, |c2019. |
| 264 | 4|c©2019 |
| 300 | |a1 online resource (2 volumes) |
| 336 | |atext|btxt|2rdacontent |
| 337 | |acomputer|bc|2rdamedia |
| 338 | |aonline resource|bcr|2rdacarrier |
| 500 | |aIssued also in French under title: Réclamer notre pouvoir et notre place : le rapport final de l’enquête sur les femmes et les filles autochtones disparues et assassinées. |
| 505 | 0 |aIncludes volume 1a, 1b, volume 2, volume 1a (edited), and Calls for Justice. |
| 692 | 07|2gccst|aIndigenous peoples |
| 692 | 07|2gccst|aViolence against women |
| 692 | 07|2gccst|aInquiry |
| 710 | 1 |aCanada. |bPrivy Council Office. |
| 775 | 08|tRéclamer notre pouvoir et notre place : |w(CaOODSP)9.867043 |
| 775 | 08|t[Reclaiming power and place] : |w(CaOODSP)9.868204 |
| 775 | 08|t[Reclaiming power and place] : |w(CaOODSP)9.868230 |
| 776 | 0#|tReclaiming power and place : |w(CaOODSP)9.867039 |
| 856 | 40|qPDF|s20.97 MB|uhttps://publications.gc.ca/collections/collection_2019/bcp-pco/CP32-163-2-1-2019-eng.pdf|zVolume 1a |
| 856 | 40|qPDF|s38.26 MB|uhttps://publications.gc.ca/collections/collection_2019/bcp-pco/CP32-163-2-2-2019-eng.pdf|zVolume 1b |
| 856 | 40|qPDF|s19.86 MB|uhttps://publications.gc.ca/collections/collection_2019/bcp-pco/CP32-163-2-1-2019-1-eng.pdf|zVolume 2 |
| 856 | 40|qPDF|s20.97 MB|uhttps://publications.gc.ca/collections/collection_2019/bcp-pco/CP32-163-2-1-2019-2-eng.pdf|zVolume 1a, copy 2 (contains minor copy edit) |
| 856 | 40|qPDF|s469 KB|uhttps://publications.gc.ca/collections/collection_2019/bcp-pco/CP32-163-2-4-2019-eng.pdf|zCalls for Justice |